Best Voter Turnout Quiz Stats

 Plays Quiz Updated Feb 22, 2019

Score 0/20 Timer 05:00
0 Plays Today
Rank (%) Country % Correct
15 (84.4)Australia
69.5%
17 (83.3)Sweden
69.3%
1 (92.5)Italy
68.5%
16 (83.6)Denmark
55.3%
10 (85.5)South Africa
52.2%
8 (86.2)New Zealand
52.2%
14 (84.8)Netherlands
48%
12 (85.1)Austria
46.9%
13 (84.9)Belgium
43.5%
4 (89.5)Iceland
40.2%
Rank (%) Country % Correct
19 (82.8)Czechia
28.2%
6 (88.3)Indonesia
23.3%
11 (85.3)Albania
11.5%
2 (90.5)Cambodia
9.1%
18 (82.8)Bosnia and Herzegovina
6.5%
5 (88.3)Angola
5.4%
7 (87.1)Somalia
5.3%
9 (86.2)Uzbekistan
3.7%
3 (90.2)Seychelles
3.4%
20 (82.8)Mauritius
2.4%

You're not logged in!

Compare scores with friends on all Sporcle quizzes.
OR
Log In

Sporcle TV

Today on Sporcle TV


Watch our educational content, quiz creation guides, and fun videos on Sporcle TV.

Show Comments

Extras

Top Quizzes Today


Score Distribution

Your Account Isn't Verified!

In order to create a playlist on Sporcle, you need to verify the email address you used during registration. Go to your Sporcle Settings to finish the process.

Report this User

Report this user for behavior that violates our Community Guidelines.

Details: